APPRAISAL OF THE MANUAL HUMAN RESOURCE RECORDS KEEPING SYSTEMS AT TELKOM KENYA:A CASE OF THE CENTRAL RIFT VALLEY REGION (Record no. 216053)

MARC details
000 -LEADER
fixed length control field 00512nam a22001457a 4500
008 - FIXED-LENGTH DATA ELEMENTS--GENERAL INFORMATION
fixed length control field 250829b |||||||| |||| 00| 0 eng d
100 ## - MAIN ENTRY--PERSONAL NAME
Personal name Chepngeno, Korir Grace
245 ## - TITLE STATEMENT
Title APPRAISAL OF THE MANUAL HUMAN RESOURCE RECORDS KEEPING SYSTEMS AT TELKOM KENYA:A CASE OF THE CENTRAL RIFT VALLEY REGION
260 ## - PUBLICATION, DISTRIBUTION, ETC.
Place of publication, distribution, etc. KISII UNIVERSITY,
Name of publisher, distributor, etc. KISII UNIVERISTY PRESS,
Date of publication, distribution, etc. 2005,
300 ## - PHYSICAL DESCRIPTION
Extent iX, 50 P, iLL
500 ## - GENERAL NOTE
General note Includes bibliographical references
650 ## - SUBJECT ADDED ENTRY
Topical term or geographic name entry element Business
942 ## - ADDED ENTRY ELEMENTS (KOHA)
Source of classification or shelving scheme Library of Congress Classification
Koha item type Reference
Holdings
Withdrawn status Lost status Source of classification or shelving scheme Damaged status Not for loan Collection Home library Current library Shelving location Date acquired Inventory number Total checkouts Full call number Barcode Date last seen Copy number Price effective from Koha item type
    Library of Congress Classification     Business & Economics Kisii University Library Kisii University Library On Display 08/29/2025 108030   THE: HF 5635 .C4.42 2005 000000024634 08/29/2025 C.1 08/29/2025 Reference